000 00553nam a2200169 4500
999 _c4694
_d4694
008 160919b xxu||||| |||| 00| 0 eng d
022 _a2094-8042
082 _aDPer 370.105 M72 Jan-Dec 2012 v. 60-61
100 _914955
_aGenio, Maria Teresa D.
243 _aThe modern teacher
245 _aAre you a responsible drinker?/
_cMaria Teresa D. Genio.
260 _aPhilippines:
_bIn the Grade School, Inc.,
_cc2012.
300 _apages 232-233;
_c28 cm.
500 _aThe Modern Teacher.
650 0 _914956
_aAlcohol
_xDrinker
942 _2ddc
_cPER